[Event "CAN-ch O1800"]
[Site "Toronto CAN"]
[Date "2025.04.21"]
[Round "6.2"]
[White "Maulucci, Anthony"]
[Black "Zaka, Mohid"]
[Result "1-0"]
[WhiteElo "2051"]
[BlackElo "1910"]
[WhiteFideId "-1"]
[WhiteFideId "-1"]
[PlyCount "125"]
[GameId "2182619490709704"]
[EventDate "2025.04.18"]
[EventType "swiss"]
[EventRounds "9"]
[EventCountry "CAN"]

1. d4 d5 2. c4 e6 3. Nc3 Nc6 4. Bf4 dxc4 5. e3 Na5 6. Qa4+ c6 7. Bxc4 Nxc4 8. Qxc4 Nf6 9. Nf3 Be7 10. h3 O-O 11. e4 Qa5 12. O-O Nxe4 13. Nxe4 Qf5 14. Bd6 Qxe4 15. Bxe7 Re8 16. Rfe1 Qg6 17. Bh4 f6 18. Rad1 Qf7 19. Nd2 Rd8 20. Ne4 Rd5 21. Nc3 Rh5 22. Bg3 Bd7 23. Ne2 Re8 24. Nf4 Rb5 25. Re2 g5 26. Nd3 Rd5 27. Nc5 Bc8 28. Ne4 Red8 29. f4 gxf4 30. Bxf4 e5 31. Bh6 Be6 32. Qc3 Qg6 33. Rf1 f5 34. Bg5 fxe4 35. Bxd8 exd4 36. Qe1 Rxd8 37. Rxe4 Bxh3 38. Qf2 Be6 39. Rxd4 Bd5 40. Rf4 Kh8 41. Qd4+ Qg7 42. Rf8+ Rxf8 43. Rxf8+ Bg8 44. Qxg7+ Kxg7 45. Rb8 Bxa2 46. Rxb7+ Kg6 47. Rxa7 Bd5 48. Kf2 h5 49. g3 Kf5 50. Ra4 Be4 51. Ke3 Bd5 52. Rf4+ Kg5 53. Kd4 Bg2 54. b4 Bh1 55. Kc5 Bg2 56. Kd6 Bh1 57. Rc4 Bf3 58. Rxc6 Kg4 59. b5 Kxg3 60. b6 h4 61. b7 h3 62. b8=Q h2 63. Ke7+ 1-0

[Event "CAN-ch O1800"]
[Site "Toronto CAN"]
[Date "2025.04.21"]
[Round "6.3"]
[White "Li, Hongyi"]
[Black "Tamkan, Ekrem"]
[Result "1-0"]
[WhiteElo "1973"]
[BlackElo "1997"]
[WhiteFideId "-1"]
[WhiteFideId "-1"]
[PlyCount "87"]
[GameId "2182621762896080"]
[EventDate "2025.04.18"]
[EventType "swiss"]
[EventRounds "9"]
[EventCountry "CAN"]

1. e4 c6 2. d4 d5 3. e5 Bf5 4. Ne2 e6 5. Ng3 Bg6 6. h4 h6 7. h5 Bh7 8. Bd3 Bxd3 9. Qxd3 Nd7 10. O-O Ne7 11. b4 Qb6 12. c3 O-O-O 13. a4 f6 14. Be3 Qc7 15. f4 f5 16. Nd2 g6 17. b5 Rg8 18. c4 dxc4 19. Nxc4 Kb8 20. Rfc1 gxh5 21. Nxh5 Nd5 22. bxc6 Qxc6 23. Na5 Rxg2+ 24. Kh1 Qb6 25. Kxg2 Qxa5 26. Bf2 Bb4 27. Qf3 Bd2 28. Rg1 Rc8 29. Kh1 Rc3 30. Rg8+ Kc7 31. Qg2 Bxf4 32. Be1 Ne3 33. Qf3 Bg5 34. Rb1 b6 35. Qa8 Qd5+ 36. Qxd5 Nxd5 37. Bxc3 Nxc3 38. Rxg5 Nxb1 39. Rg3 Nd2 40. Nf4 Nc4 41. Rg6 a5 42. Nxe6+ Kc8 43. Nf4 Kd8 44. Rxh6 1-0

[Event "CAN-ch O1800"]
[Site "Toronto CAN"]
[Date "2025.04.21"]
[Round "6.4"]
[White "Russell, Wesley"]
[Black "Lakhani, Riyaan"]
[Result "1/2-1/2"]
[WhiteElo "1973"]
[BlackElo "1976"]
[WhiteFideId "-1"]
[WhiteFideId "-1"]
[PlyCount "98"]
[GameId "2182633771258072"]
[EventDate "2025.04.18"]
[EventType "swiss"]
[EventRounds "9"]
[EventCountry "CAN"]

1. e4 g6 2. d4 Bg7 3. Nc3 c6 4. Be3 d5 5. Nf3 Nh6 6. Qd2 dxe4 7. Bxh6 Bxh6 8. Qxh6 exf3 9. O-O-O Be6 10. d5 Bxd5 11. Bc4 Nd7 12. Nxd5 cxd5 13. Rxd5 Qc7 14. Bb5 O-O-O 15. Bxd7+ Rxd7 16. Rxd7 Qxd7 17. Qg7 Rd8 18. Qc3+ Qc6 19. Qxc6+ bxc6 20. gxf3 Rd5 21. Re1 e6 22. Re4 Rf5 23. Rc4 Kd7 24. Rc3 Rh5 25. Kd2 Rxh2 26. Ke3 Rh5 27. b4 a5 28. Rd3+ Kc7 29. Rb3 Rb5 30. c3 axb4 31. cxb4 c5 32. bxc5 Rxc5 33. Ra3 Kb6 34. Ra8 Ra5 35. Rb8+ Kc6 36. Rh8 h5 37. Rf8 Ra7 38. Kf4 Kb5 39. Rb8+ Ka4 40. Rb2 Ka3 41. Rd2 Ra5 42. Kg3 Kb4 43. Rb2+ Kc3 44. Rb7 Rf5 45. a4 Kc4 46. a5 Kc5 47. a6 Kd6 48. a7 Ra5 49. Rxf7 g5 1/2-1/2

[Event "CAN-ch O1800"]
[Site "Toronto CAN"]
[Date "2025.04.21"]
[Round "6.5"]
[White "Park, Haneul"]
[Black "Bluvshtein, Ilia"]
[Result "1/2-1/2"]
[WhiteElo "1923"]
[BlackElo "2086"]
[WhiteFideId "-1"]
[WhiteFideId "-1"]
[PlyCount "60"]
[GameId "2182635379622112"]
[EventDate "2025.04.18"]
[EventType "swiss"]
[EventRounds "9"]
[EventCountry "CAN"]

1. d4 Nf6 2. c4 g6 3. g3 d5 4. Bg2 dxc4 5. Na3 Bg7 6. Nxc4 O-O 7. Nf3 c5 8. O-O Be6 9. Nfe5 Nc6 10. dxc5 Qc7 11. Nxc6 bxc6 12. Bf4 Qc8 13. Qc1 Qa6 14. Ne5 Nd5 15. Nd3 Nxf4 16. Qxf4 Rab8 17. Bf3 Bxb2 18. Rab1 Qxa2 19. Nb4 Qa3 20. Nxc6 Rbe8 21. Qc7 Bf6 22. Qxa7 Qxa7 23. Nxa7 Rb8 24. c6 Be5 25. Rfc1 Rxb1 26. Rxb1 Ra8 27. Rb7 Kf8 28. c7 Bc8 29. Nxc8 Rxc8 30. Rb5 Bd6 1/2-1/2

[Event "CAN-ch O1800"]
[Site "Toronto CAN"]
[Date "2025.04.21"]
[Round "6.6"]
[White "Mammadov, Nihad"]
[Black "Sheth, Rudra"]
[Result "0-1"]
[WhiteElo "1969"]
[BlackElo "1734"]
[WhiteFideId "-1"]
[WhiteFideId "-1"]
[PlyCount "96"]
[GameId "2182817059578088"]
[EventDate "2025.04.18"]
[EventType "swiss"]
[EventRounds "9"]
[EventCountry "CAN"]

1. e4 e6 2. d4 d5 3. exd5 exd5 4. Bd3 Nf6 5. Nf3 Bd6 6. h3 O-O 7. O-O h6 8. Re1 Re8 9. Ne5 c5 10. c3 Nc6 11. Nxc6 bxc6 12. Rxe8+ Qxe8 13. Be3 Qe7 14. Nd2 Bd7 15. dxc5 Bxc5 16. Bxc5 Qxc5 17. Nb3 Qb6 18. Qd2 c5 19. c4 d4 20. Qa5 Rc8 21. Re1 Nh5 22. Re5 Nf4 23. Bf1 Qg6 24. Kh2 Qd6 25. Re4 Nxh3+ 26. g3 Nxf2 27. Rf4 Ng4+ 28. Kg2 g5 29. Rxg4 Bxg4 30. Qb5 d3 31. Nd2 Be2 32. Qb7 Re8 33. Qd5 Bxf1+ 34. Kxf1 Qxg3 35. Nf3 d2 36. Qxd2 Qxf3+ 37. Qf2 Qxf2+ 38. Kxf2 f5 39. a3 a5 40. Kf3 a4 41. Kf2 Re4 42. b3 axb3 43. a4 b2 44. a5 b1=Q 45. a6 Qe1+ 46. Kf3 Rf4+ 47. Kg2 Qf2+ 48. Kh1 Rh4# 0-1

[Event "CAN-ch O1800"]
[Site "Toronto CAN"]
[Date "2025.04.21"]
[Round "6.7"]
[White "Fu, Odyssey"]
[Black "Starr, Sasha"]
[Result "0-1"]
[WhiteElo "1727"]
[BlackElo "2071"]
[WhiteFideId "-1"]
[WhiteFideId "-1"]
[PlyCount "50"]
[GameId "2182819389116656"]
[EventDate "2025.04.18"]
[EventType "swiss"]
[EventRounds "9"]
[EventCountry "CAN"]

1. e4 e5 2. Nf3 d6 3. d4 exd4 4. Nxd4 g6 5. Nc3 Bg7 6. Be3 Nf6 7. f3 O-O 8. Qd2 Re8 9. g4 c6 10. O-O-O d5 11. g5 Nh5 12. exd5 cxd5 13. Nde2 Nc6 14. Nxd5 Be6 15. Nec3 Rc8 16. Bb5 a6 17. Bb6 Bxc3 18. Qxc3 Qxg5+ 19. Be3 Qh4 20. Bxc6 Rxc6 21. Bc5 Bxd5 22. Rxd5 Nf4 23. Qb4 a5 24. Qa4 Ne2+ 25. Kb1 Qxa4 0-1

[Event "CAN-ch O1800"]
[Site "Toronto CAN"]
[Date "2025.04.21"]
[Round "6.8"]
[White "Daigneault, Henry"]
[Black "Southam, David"]
[Result "1-0"]
[WhiteElo "1933"]
[BlackElo "2037"]
[WhiteFideId "-1"]
[WhiteFideId "-1"]
[PlyCount "35"]
[GameId "2182820722491837"]
[EventDate "2025.04.18"]
[EventType "swiss"]
[EventRounds "9"]
[EventCountry "CAN"]

1. e4 e6 2. d4 d5 3. Nc3 Bb4 4. exd5 exd5 5. Bd3 Nc6 6. a3 Bxc3+ 7. bxc3 Nge7 8. Qf3 Be6 9. Ne2 Qd7 10. O-O Bf5 11. Ng3 Bxd3 12. cxd3 O-O 13. h4 Na5 14. Ra2 b6 15. h5 h6 16. Re1 Rae8 17. Rae2 c6 18. Bxh6 1-0

[Event "CAN-ch O1800"]
[Site "Toronto CAN"]
[Date "2025.04.21"]
[Round "6.9"]
[White "Loadman, Ian"]
[Black "Nguyen, Minh Thong"]
[Result "1-0"]
[WhiteElo "2024"]
[BlackElo "1949"]
[WhiteFideId "-1"]
[WhiteFideId "-1"]
[PlyCount "123"]
[GameId "2182821702898187"]
[EventDate "2025.04.18"]
[EventType "swiss"]
[EventRounds "9"]
[EventCountry "CAN"]

1. e4 c5 2. Nf3 Nc6 3. Bb5 g6 4. O-O Bg7 5. Re1 e5 6. Bxc6 dxc6 7. d3 Ne7 8. Be3 Qd6 9. Nbd2 b6 10. a3 O-O 11. b4 cxb4 12. Nc4 Qc7 13. axb4 Be6 14. Ra6 Bxc4 15. dxc4 Rad8 16. Qa1 Rd7 17. c5 Nc8 18. Qa2 Qd8 19. Bg5 Bf6 20. Bxf6 Qxf6 21. Qb2 Re8 22. Qc3 b5 23. h3 g5 24. Raa1 Qd8 25. Qe3 h6 26. Qe2 Re6 27. Red1 Ne7 28. Rxd7 Qxd7 29. Rd1 Qc7 30. Qd2 f5 31. exf5 Nxf5 32. Qd7 Qxd7 33. Rxd7 e4 34. Nd4 Nxd4 35. Rxd4 e3 36. fxe3 Rxe3 37. Rd6 Re4 38. c3 Rc4 39. Rxc6 Rxc3 40. Ra6 Rc4 41. Rxa7 h5 42. Rb7 g4 43. hxg4 hxg4 44. Kh2 Rc3 45. Rxb5 g3+ 46. Kh3 Kf7 47. Rb6 Ke7 48. Rg6 Rb3 49. Rxg3 Rxb4 50. Rc3 Kd7 51. c6+ Kc7 52. g4 Ra4 53. Kh4 Ra8 54. g5 Kd6 55. c7 Rc8 56. Kh5 Ke7 57. Kg6 Ra8 58. Kh7 Rc8 59. g6 Kf6 60. g7 Kf7 61. g8=Q+ Rxg8 62. Rf3+ 1-0

[Event "CAN-ch O1800"]
[Site "Toronto CAN"]
[Date "2025.04.21"]
[Round "6.10"]
[White "Deshpande, Sarthak"]
[Black "Filipovich, David"]
[Result "1/2-1/2"]
[WhiteElo "1951"]
[BlackElo "2011"]
[WhiteFideId "-1"]
[WhiteFideId "-1"]
[PlyCount "68"]
[GameId "2182835527787027"]
[EventDate "2025.04.18"]
[EventType "swiss"]
[EventRounds "9"]
[EventCountry "CAN"]

1. d4 g6 2. e4 Bg7 3. Nc3 d6 4. Be3 a6 5. Qd2 b5 6. f3 Nd7 7. O-O-O Bb7 8. g4 c5 9. dxc5 Nxc5 10. Kb1 Qc7 11. g5 h6 12. gxh6 Bxh6 13. Bxh6 Rxh6 14. Nh3 Kf8 15. Nf4 Rd8 16. Nfd5 Bxd5 17. Nxd5 Qb7 18. Be2 e6 19. Nf6 Rh8 20. Nxg8 Kxg8 21. h4 Qe7 22. Rdg1 Rxh4 23. Qc1 Qf6 24. Rxh4 Qxh4 25. Rg5 Qf2 26. Qd2 Rd7 27. a3 e5 28. Rg4 Ne6 29. Qh6 Qxe2 30. Rh4 Qf1+ 31. Ka2 Qc4+ 32. Kb1 Qf1+ 33. Ka2 Qc4+ 34. Kb1 Qf1+ 1/2-1/2

[Event "CAN-ch O1800"]
[Site "Toronto CAN"]
[Date "2025.04.21"]
[Round "6.11"]
[White "Fillmore, Louis"]
[Black "Li, Triston Bai"]
[Result "0-1"]
[WhiteElo "1997"]
[BlackElo "1937"]
[WhiteFideId "-1"]
[WhiteFideId "-1"]
[PlyCount "61"]
[GameId "2182837950280219"]
[EventDate "2025.04.18"]
[EventType "swiss"]
[EventRounds "9"]
[EventCountry "CAN"]

1. e4 d5 2. exd5 Nf6 3. Bb5+ Bd7 4. Bc4 Bg4 5. f3 Bf5 6. g4 Bg6 7. Nc3 c6 8. dxc6 Nxc6 9. h4 h6 10. d3 e6 11. Be3 Bb4 12. a3 Ba5 13. Nge2 O-O 14. Nf4 Nd5 15. Bxd5 exd5 16. Nxg6 fxg6 17. d4 Bxc3+ 18. bxc3 Qe7 19. Kf2 Rae8 20. Qd3 Qe6 21. Rhg1 Qf6 22. Rg3 Qxh4 23. g5 Qh2+ 24. Rg2 Rxf3+ 25. Kxf3 Rf8+ 26. Bf4 Rxf4+ 27. Ke3 Qxg2 28. Kxf4 hxg5+ 29. Ke3 Na5 30. Qf1 Nc4+ 31. Kd3 0-1

[Event "CAN-ch O1800"]
[Site "Toronto CAN"]
[Date "2025.04.21"]
[Round "6.12"]
[White "Huang, Justin"]
[Black "Yin, Zeming"]
[Result "1/2-1/2"]
[WhiteElo "1925"]
[BlackElo "1883"]
[WhiteFideId "-1"]
[WhiteFideId "-1"]
[PlyCount "73"]
[GameId "2182839315554851"]
[EventDate "2025.04.18"]
[EventType "swiss"]
[EventRounds "9"]
[EventCountry "CAN"]

1. d4 Nf6 2. c4 e6 3. Nf3 d5 4. e3 Be7 5. Nbd2 O-O 6. Bd3 c5 7. b3 Nc6 8. Bb2 b6 9. O-O Bb7 10. Rc1 Rc8 11. Qe2 h6 12. Rfd1 cxd4 13. Nxd4 Nxd4 14. Bxd4 Ba3 15. Rc2 Qe7 16. Nb1 Bd6 17. cxd5 Nxd5 18. Rxc8 Rxc8 19. h3 Qg5 20. Be4 Bc5 21. Ba1 Nxe3 22. Bxb7 Nxd1 23. Qxd1 Rd8 24. Qe1 Qf4 25. Bf3 Bd6 26. Bc3 Qh2+ 27. Kf1 Rc8 28. Ke2 Be5 29. Kd3 Bxc3 30. Nxc3 Qd6+ 31. Kc2 b5 32. Kb2 b4 33. Ne2 Qe5+ 34. Kb1 Qf5+ 35. Ka1 Qe5+ 36. Kb1 Qf5+ 37. Ka1 1/2-1/2

[Event "CAN-ch O1800"]
[Site "Toronto CAN"]
[Date "2025.04.21"]
[Round "6.13"]
[White "Byl, Oliver"]
[Black "Lin, Austin"]
[Result "0-1"]
[WhiteElo "1881"]
[BlackElo "1990"]
[WhiteFideId "-1"]
[WhiteFideId "-1"]
[PlyCount "84"]
[GameId "2182866705973806"]
[EventDate "2025.04.18"]
[EventType "swiss"]
[EventRounds "9"]
[EventCountry "CAN"]

1. Nf3 Nf6 2. g3 d5 3. Bg2 c5 4. O-O e6 5. d4 cxd4 6. Nxd4 e5 7. Nb3 Nc6 8. c4 Be6 9. cxd5 Bxd5 10. Nc3 Bxg2 11. Kxg2 Be7 12. Be3 O-O 13. Bc5 Bxc5 14. Nxc5 Qe7 15. N5e4 Nxe4 16. Nxe4 Rfd8 17. Qc1 Nd4 18. e3 Rac8 19. Nc3 Qe8 20. Qb1 Ne6 21. Rd1 Nc5 22. Qc2 e4 23. Rxd8 Rxd8 24. Ne2 Nd3 25. Nd4 Rc8 26. Qb3 Qd7 27. Rd1 a6 28. Ne2 Qg4 29. Ng1 Qf5 30. Rf1 b5 31. a4 h6 32. axb5 axb5 33. h3 h5 34. Kh2 Ne1 35. Qd1 Nd3 36. Qb3 Qe5 37. Rd1 Qxb2 38. Rxd3 Qxf2+ 39. Kh1 exd3 40. Qxd3 Rc1 41. Qd8+ Kh7 42. Qd3+ g6 0-1

[Event "CAN-ch O1800"]
[Site "Toronto CAN"]
[Date "2025.04.21"]
[Round "6.14"]
[White "Gao, Yiguo"]
[Black "Lee, Daniel Joshua"]
[Result "0-1"]
[WhiteElo "1708"]
[BlackElo "1989"]
[WhiteFideId "-1"]
[WhiteFideId "-1"]
[PlyCount "76"]
[GameId "2182869188215350"]
[EventDate "2025.04.18"]
[EventType "swiss"]
[EventRounds "9"]
[EventCountry "CAN"]

1. e4 e5 2. Nc3 Nc6 3. f4 Bc5 4. Nf3 d6 5. Na4 Bg4 6. Nxc5 dxc5 7. Bc4 Bxf3 8. Qxf3 Nd4 9. Qh5 Nxc2+ 10. Kd1 Ne3+ 11. Ke2 Nxc4 12. d3 g6 13. Qf3 Na5 14. fxe5 Nc6 15. Qe3 Qd4 16. Qg3 O-O-O 17. Rb1 c4 18. Bf4 cxd3+ 19. Kd1 Qa4+ 20. Ke1 Qc2 21. Qg4+ Kb8 22. Rd1 Nge7 23. Rf1 Nd4 24. Rf2 Qc4 25. Rfd2 Nc2+ 26. Kf2 Qxe4 27. e6 f5 28. Qg3 Qd4+ 29. Kf1 Qc4 30. b3 Qc6 31. Rxd3 Rxd3 32. Qxd3 Nb4 33. Qd8+ Rxd8 34. Rxd8+ Nc8 35. e7 Qb5+ 36. Ke1 Nc2+ 37. Kd1 Qf1+ 38. Kxc2 Qe2+ 0-1

[Event "CAN-ch O1800"]
[Site "Toronto CAN"]
[Date "2025.04.21"]
[Round "6.15"]
[White "Wang, Jonathan"]
[Black "Qian, Eric"]
[Result "1-0"]
[WhiteElo "1911"]
[BlackElo "2095"]
[WhiteFideId "-1"]
[WhiteFideId "-1"]
[PlyCount "89"]
[GameId "2182874062283326"]
[EventDate "2025.04.18"]
[EventType "swiss"]
[EventRounds "9"]
[EventCountry "CAN"]

1. e4 e5 2. Nf3 Nc6 3. Bc4 Nf6 4. d3 Bc5 5. c3 d6 6. h3 a5 7. a4 Ba7 8. Bg5 h6 9. Bh4 g5 10. Bg3 Ne7 11. Nbd2 Ng6 12. d4 Nh5 13. Nxe5 dxe5 14. Qxh5 exd4 15. Nf3 Qf6 16. cxd4 Bxd4 17. e5 Qb6 18. O-O Bxb2 19. Rab1 Bf5 20. Bb5+ c6 21. Rxb2 cxb5 22. Rxb5 Qa6 23. Rc1 Bd7 24. Rbc5 Kf8 25. Nd4 Kg7 26. Rc7 Rac8 27. Qf3 Qb6 28. e6 Bxe6 29. Nxe6+ Qxe6 30. Qc3+ Kh7 31. Rxc8 Rxc8 32. Qxc8 Qb3 33. Rc7 Qb1+ 34. Kh2 Qa2 35. Qf5 Kg7 36. Be5+ Nxe5 37. Qxe5+ Kg6 38. Qe4+ Kg7 39. Qd4+ Kg6 40. Qd3+ Kg7 41. Qc3+ Kg6 42. Qc2+ Qxc2 43. Rxc2 Kf6 44. Rb2 Ke5 45. Rxb7 1-0

[Event "CAN-ch O1800"]
[Site "Toronto CAN"]
[Date "2025.04.21"]
[Round "6.16"]
[White "Desai, Kahan"]
[Black "Zheng, Yanchen"]
[Result "0-1"]
[WhiteElo "1869"]
[BlackElo "1988"]
[WhiteFideId "-1"]
[WhiteFideId "-1"]
[PlyCount "80"]
[GameId "2182899217011276"]
[EventDate "2025.04.18"]
[EventType "swiss"]
[EventRounds "9"]
[EventCountry "CAN"]

1. Nf3 d5 2. g3 g6 3. Bg2 Bg7 4. d4 Nf6 5. O-O O-O 6. b3 Bf5 7. Bb2 Qc8 8. Nbd2 Bh3 9. c4 Bxg2 10. Kxg2 c6 11. Rc1 Qf5 12. cxd5 cxd5 13. Rc7 Nbd7 14. Ba3 Qe6 15. Qc2 Rfe8 16. e3 Qa6 17. Bb4 e5 18. dxe5 Nxe5 19. Nxe5 Rxe5 20. Nf3 Re6 21. Nd4 Ree8 22. a4 Ng4 23. Qe2 Qb6 24. Nb5 h5 25. Bc5 Qa6 26. Qf3 Qe6 27. Rxb7 Ne5 28. Qd1 d4 29. e4 d3 30. f3 Red8 31. Bd4 Rac8 32. Rf2 Bh6 33. h3 Rc1 34. Nc7 Qc6 35. Rxa7 Rxd1 36. Nd5 Rxd5 37. exd5 Qxd5 38. Bxe5 Qxe5 39. Ra8+ Kg7 40. a5 Qe1 0-1

[Event "CAN-ch O1800"]
[Site "Toronto CAN"]
[Date "2025.04.21"]
[Round "6.17"]
[White "Valavan, Aaryan"]
[Black "Lukinykh, Slava"]
[Result "0-1"]
[WhiteElo "1767"]
[BlackElo "1987"]
[WhiteFideId "-1"]
[WhiteFideId "-1"]
[PlyCount "82"]
[GameId "2182908132184660"]
[EventDate "2025.04.18"]
[EventType "swiss"]
[EventRounds "9"]
[EventCountry "CAN"]

1. e4 c5 2. Nf3 Nc6 3. d4 cxd4 4. Nxd4 Nf6 5. Nc3 e5 6. Ndb5 d6 7. a4 a6 8. Na3 Be7 9. Be2 Be6 10. O-O d5 11. exd5 Nxd5 12. Nxd5 Bxd5 13. Bc4 Be4 14. Qg4 Bg6 15. Rd1 Qc8 16. Qg3 O-O 17. Bg5 Bxa3 18. Rxa3 Bxc2 19. Rc1 Bg6 20. h4 Kh8 21. Be2 h6 22. h5 Bh7 23. Be3 Qf5 24. Rac3 Qf6 25. Bc5 Rfe8 26. b4 Qg5 27. Qf3 Nd4 28. Bxd4 exd4 29. Rc5 Qe7 30. Bd3 Bxd3 31. Qxd3 Rad8 32. Rd1 Qe4 33. Rc4 Qxd3 34. Rxd3 Re1+ 35. Kh2 Re5 36. Rcxd4 Rxd4 37. Rxd4 Rxh5+ 38. Kg3 Rf5 39. Rd7 b5 40. Rd6 a5 41. Rb6 bxa4 0-1

[Event "CAN-ch O1800"]
[Site "Toronto CAN"]
[Date "2025.04.21"]
[Round "6.18"]
[White "Lau, Jayden"]
[Black "Pollitt, Henry"]
[Result "1/2-1/2"]
[WhiteElo "1790"]
[BlackElo "1985"]
[WhiteFideId "-1"]
[WhiteFideId "-1"]
[PlyCount "55"]
[GameId "2182959782015583"]
[EventDate "2025.04.18"]
[EventType "swiss"]
[EventRounds "9"]
[EventCountry "CAN"]

1. e4 e6 2. d4 d5 3. Nc3 Nf6 4. e5 Nfd7 5. f4 c5 6. Nf3 Nc6 7. Be3 cxd4 8. Nxd4 Nxd4 9. Bxd4 Bc5 10. Nb5 O-O 11. Be2 Qb6 12. Bxc5 Nxc5 13. Qd4 Bd7 14. Nd6 Bc6 15. Rd1 Nd7 16. O-O Qxd4+ 17. Rxd4 f6 18. Bg4 f5 19. Bf3 Nc5 20. c4 Ne4 21. cxd5 exd5 22. Nxe4 dxe4 23. Be2 Kf7 24. Rfd1 Ke7 25. Kf2 Rad8 26. Ke3 Rxd4 27. Rxd4 g5 28. g3 1/2-1/2

[Event "CAN-ch O1800"]
[Site "Toronto CAN"]
[Date "2025.04.21"]
[Round "6.19"]
[White "Mane, Arnav"]
[Black "Ajith, Aarush"]
[Result "1/2-1/2"]
[WhiteElo "1722"]
[BlackElo "1970"]
[WhiteFideId "-1"]
[WhiteFideId "-1"]
[PlyCount "85"]
[GameId "2182960714269287"]
[EventDate "2025.04.18"]
[EventType "swiss"]
[EventRounds "9"]
[EventCountry "CAN"]

1. e4 c5 2. Nf3 d6 3. Bb5+ Nd7 4. O-O a6 5. Bd3 Ngf6 6. c3 e6 7. Bc2 Be7 8. a4 O-O 9. d4 cxd4 10. cxd4 b6 11. Nc3 Bb7 12. Re1 Rc8 13. Bf4 Re8 14. Qd3 Nf8 15. h3 Ng6 16. Be3 d5 17. e5 Ne4 18. Nd2 Nxc3 19. bxc3 Qc7 20. Nb1 Qc6 21. g3 b5 22. h4 b4 23. h5 Nf8 24. Rc1 Qc4 25. Qd2 bxc3 26. Qxc3 Qxc3 27. Nxc3 Bb4 28. Ne2 Nd7 29. a5 Bc6 30. Bd3 Bb5 31. Bxb5 axb5 32. Rcb1 Rc4 33. Ra2 Ra8 34. Rab2 Bxa5 35. Rxb5 Bc7 36. R5b2 f6 37. f4 Kf7 38. Rc1 Rxc1+ 39. Nxc1 Bb6 40. Kf2 Ra4 41. Ne2 fxe5 42. fxe5 Rc4 43. Kf3 1/2-1/2

[Event "CAN-ch O1800"]
[Site "Toronto CAN"]
[Date "2025.04.21"]
[Round "6.20"]
[White "Ajanthan, Amuthab"]
[Black "Wu, Ting En Ryan"]
[Result "0-1"]
[WhiteElo "1744"]
[BlackElo "1968"]
[WhiteFideId "-1"]
[WhiteFideId "-1"]
[PlyCount "50"]
[GameId "2182963125052015"]
[EventDate "2025.04.18"]
[EventType "swiss"]
[EventRounds "9"]
[EventCountry "CAN"]

1. d4 Nf6 2. Bg5 d5 3. e3 c6 4. Bd3 Bg4 5. Nf3 Nbd7 6. Nbd2 e6 7. O-O Bd6 8. c3 Qc7 9. h3 Bh5 10. Re1 h6 11. Bxf6 Nxf6 12. e4 dxe4 13. Nxe4 Nxe4 14. Bxe4 O-O 15. g4 f5 16. gxh5 fxe4 17. Rxe4 Qf7 18. Re3 Qxh5 19. Ne5 Qh4 20. Qe2 Bxe5 21. Rxe5 Qxh3 22. Rxe6 Rf4 23. Re4 Raf8 24. Rf1 R8f5 25. f3 Rg5+ 0-1

[Event "CAN-ch O1800"]
[Site "Toronto CAN"]
[Date "2025.04.21"]
[Round "6.21"]
[White "Huang, Eric"]
[Black "Wen, Justin"]
[Result "1-0"]
[WhiteElo "1893"]
[BlackElo "1856"]
[WhiteFideId "-1"]
[WhiteFideId "-1"]
[PlyCount "95"]
[GameId "2182964415341175"]
[EventDate "2025.04.18"]
[EventType "swiss"]
[EventRounds "9"]
[EventCountry "CAN"]

1. d4 Nf6 2. c4 g6 3. Nc3 Bg7 4. e4 d6 5. Nf3 O-O 6. Be2 e5 7. d5 Nbd7 8. O-O Nh5 9. Ne1 Nf4 10. Nd3 Nxd3 11. Bxd3 f5 12. exf5 gxf5 13. f4 Qh4 14. Nb5 Nf6 15. Qe1 Qxe1 16. Rxe1 Ne8 17. Be3 exf4 18. Bxf4 Bxb2 19. Rab1 Bf6 20. Rxe8 Rxe8 21. Nxc7 Bd4+ 22. Kf1 Bd7 23. Nxa8 Rxa8 24. Rxb7 Bc8 25. Re7 Bc5 26. Be3 Kf8 27. Bg5 h6 28. Bf6 Bd4 29. Bh4 Rb8 30. Rc7 Ba6 31. Be7+ Ke8 32. Bxf5 Bxc4+ 33. Rxc4 Bc5 34. Bf6 Kf8 35. Bd4 Ba3 36. Rc8+ Rxc8 37. Bxc8 a5 38. Bb6 Bb4 39. Ke2 Ke7 40. Kd3 Kf6 41. Kc4 Ke5 42. Be6 h5 43. Kb5 Kf4 44. Bxa5 Bc5 45. Bb4 Bxb4 46. Kxb4 Ke3 47. a4 Kf2 48. Bh3 1-0

[Event "CAN-ch O1800"]
[Site "Toronto CAN"]
[Date "2025.04.21"]
[Round "6.22"]
[White "Li, Justin"]
[Black "Dembla, Shabd"]
[Result "1/2-1/2"]
[WhiteElo "1793"]
[BlackElo "1909"]
[WhiteFideId "-1"]
[WhiteFideId "-1"]
[PlyCount "68"]
[GameId "2182979705586303"]
[EventDate "2025.04.18"]
[EventType "swiss"]
[EventRounds "9"]
[EventCountry "CAN"]

1. d4 Nf6 2. Nf3 e6 3. Bf4 d5 4. e3 Bd6 5. Bg3 O-O 6. Nbd2 Nbd7 7. Bd3 Re8 8. Ne5 Nf8 9. f4 N6d7 10. O-O f5 11. Ndf3 Nf6 12. Bh4 h6 13. Qe2 c6 14. Kh1 Qc7 15. Rg1 N8h7 16. Ng6 Qf7 17. Nfe5 Bxe5 18. Nxe5 Qh5 19. Qxh5 Nxh5 20. g4 N5f6 21. gxf5 exf5 22. h3 Be6 23. Rg2 Re7 24. Rag1 Rc7 25. Rg6 Kh8 26. Kh2 a5 27. a4 b5 28. Ra1 b4 29. b3 Rac8 30. Rag1 Ra8 31. R1g2 Rg8 32. Rg1 Ra8 33. R1g2 Rg8 34. Rg1 Ra8 1/2-1/2

[Event "CAN-ch O1800"]
[Site "Toronto CAN"]
[Date "2025.04.21"]
[Round "6.23"]
[White "Cheung, Oscar"]
[Black "Sethi, Aaron"]
[Result "0-1"]
[WhiteElo "1792"]
[BlackElo "1874"]
[WhiteFideId "-1"]
[WhiteFideId "-1"]
[PlyCount "186"]
[GameId "2182983759139463"]
[EventDate "2025.04.18"]
[EventType "swiss"]
[EventRounds "9"]
[EventCountry "CAN"]

1. e4 c6 2. Nc3 d5 3. Nf3 dxe4 4. Nxe4 Nf6 5. Qe2 Nxe4 6. Qxe4 Be6 7. Ng5 Bd5 8. Qf4 f6 9. Nf3 e5 10. Qe3 Nd7 11. d4 Bxf3 12. Qxf3 exd4 13. Bd2 Qc7 14. O-O-O O-O-O 15. Bc4 Ne5 16. Qf5+ Kb8 17. Bf4 c5 18. Bxe5 Qxe5 19. Qxe5+ fxe5 20. Rhe1 Bd6 21. f3 Rhf8 22. Re4 Rd7 23. Rh4 h6 24. Re1 Be7 25. Rhe4 Bd6 26. a4 a6 27. b3 Kc7 28. Kd2 Kc6 29. Bd3 c4 30. Bxc4 Bb4+ 31. Kd3 Bxe1 32. Rxe1 Re7 33. b4 b5 34. Bb3 bxa4 35. Bxa4+ Kd6 36. Bb3 Rb8 37. Ra1 Rb6 38. Ra5 Rxb4 39. Rxa6+ Kc7 40. Bd5 Rb6 41. Ra5 Rb1 42. Be4 Kb6 43. Rd5 Rb5 44. Rd6+ Ka5 45. Rg6 Rb6 46. Rg4 Kb4 47. f4 exf4 48. Rxf4 Rd6 49. Rf8 Rc7 50. Rb8+ Kc5 51. Re8 Kb4 52. Rb8+ Ka3 53. Rb3+ Ka4 54. Rb8 Rc3+ 55. Kd2 g5 56. Ra8+ Kb5 57. Rb8+ Ka6 58. Ra8+ Kb6 59. Rb8+ Kc7 60. Rb7+ Kd8 61. Rg7 Rf6 62. Rh7 Ke8 63. Bd3 Kf8 64. Rh8+ Ke7 65. Ke2 Rc5 66. Rh7+ Ke6 67. g3 Re5+ 68. Kd1 Ra5 69. Ke2 Ra1 70. Be4 Ke5 71. Re7+ Re6 72. Rxe6+ Kxe6 73. Kf3 Ke5 74. Bd3 h5 75. h3 Ra8 76. Bg6 Rf8+ 77. Ke2 h4 78. gxh4 gxh4 79. Bh5 Ke4 80. Bg6+ Kf4 81. Kd3 Kg3 82. Kxd4 Kxh3 83. c4 Kg3 84. c5 Rf4+ 85. Kd3 h3 86. c6 h2 87. c7 Rf8 88. Be4 Rc8 89. Kd2 Rxc7 90. Kd1 Kf2 91. Bh1 Kg1 92. Ba8 h1=Q 93. Bxh1 Kxh1 0-1